[Event "VII. Berecz memorial A 2019"]
[Site "?"]
[Date "2020.01.04"]
[Round "6.1"]
[White "Horvath, Zsolt"]
[Black "Ress, Tamas"]
[Result "1/2-1/2"]
[WhiteElo "2398"]
[BlackElo "2242"]
[PlyCount "28"]
[EventDate "2020.01.02"]

1. e4 c5 2. Nf3 a6 3. c4 d6 4. d4 Bg4 5. d5 g6 6. Nc3 Bg7 7. Bd2 Nd7 8. h3 Bxf3
9. Qxf3 e6 10. dxe6 fxe6 11. Bf4 Qb6 12. O-O-O Ne5 13. Qg3 O-O-O 14. Be2 Nh6
1/2-1/2

[Event "VII. Berecz memorial A 2019"]
[Site "?"]
[Date "2020.01.04"]
[Round "6.2"]
[White "Miszler, Levente"]
[Black "Tatar Kis, Szabolcs"]
[Result "0-1"]
[WhiteElo "2180"]
[BlackElo "2372"]
[PlyCount "130"]
[EventDate "2020.01.02"]

1. Nf3 Nf6 2. c4 g6 3. g3 Bg7 4. Bg2 O-O 5. O-O d6 6. Nc3 e5 7. d3 a5 8. a3 Re8
9. Nd2 c6 10. Rb1 Be6 11. b4 axb4 12. axb4 d5 13. b5 Nbd7 14. bxc6 bxc6 15.
cxd5 cxd5 16. Nb5 Qa5 17. Nf3 Reb8 18. Bd2 Qb6 19. Ng5 Bf5 20. Nc3 Qc5 21.
Rxb8+ Rxb8 22. Qa4 h6 23. e4 Bg4 24. h3 d4 25. hxg4 dxc3 26. Be3 Qd6 27. Nf3
Nxg4 28. Qc4 Nxe3 29. fxe3 Qc5 30. Qxc5 Nxc5 31. Rc1 Na4 32. Bh3 Bf8 33. d4 Ba3
34. Rc2 exd4 35. exd4 Rb2 36. Ne1 Rb1 37. Kf2 Rd1 38. Nf3 Bb4 39. Ke2 Nb2 40.
d5 Kf8 41. Bf1 Ke7 42. Kf2 Kd6 43. Be2 Ra1 44. Kg2 Nd1 45. Bxd1 Rxd1 46. Kf2 f5
47. exf5 gxf5 48. Ke2 Rxd5 49. Ne1 Kc5 50. Nd3+ Kc4 51. Ne1 Kb3 52. Nd3 Rd4 53.
Rc1 c2 54. Rf1 Rxd3 55. Kxd3 Ba3 56. Kd4 Bd6 57. Kd3 Ba3 58. Kd4 Bb2+ 59. Kd5
Kc3 60. Ke6 Kd3 61. Kxf5 Ke2 62. Rh1 Kf3 63. Kg6 c1=Q 64. Rxc1 Bxc1 65. Kh5
Kxg3 0-1

[Event "VII. Berecz memorial A 2019"]
[Site "?"]
[Date "2020.01.04"]
[Round "6.3"]
[White "Fekete, Albert"]
[Black "Udvardi, Zalan"]
[Result "0-1"]
[WhiteElo "2169"]
[BlackElo "2210"]
[PlyCount "98"]
[EventDate "2020.01.02"]

1. Nf3 c5 2. g3 Nc6 3. Bg2 g6 4. O-O Bg7 5. e4 e5 6. d3 Nge7 7. c4 d6 8. Be3
O-O 9. Qd2 Nd4 10. Nxd4 cxd4 11. Bh6 Be6 12. Bxg7 Kxg7 13. b4 a5 14. b5 Nc8 15.
f4 f6 16. f5 Bf7 17. h4 h6 18. fxg6 Be6 19. Qe2 Qd7 20. Nd2 Kxg6 21. Rf2 Kh7
22. Kh2 Ne7 23. Raf1 Ng8 24. Bf3 Rf7 25. Bh5 Rg7 26. Rg1 Rf8 27. g4 Qd8 28. Nf3
Ne7 29. Rfg2 Ng6 30. Bxg6+ Rxg6 31. h5 Rg7 32. Rg3 Rfg8 33. Qf2 Rxg4 34. Rxg4
Rxg4 35. Rxg4 Bxg4 36. Nh4 f5 37. Nxf5 Qf6 38. Qg2 Bxf5 39. exf5 Qh4+ 40. Kg1
Qe1+ 41. Kh2 Qh4+ 42. Kg1 Qe1+ 43. Kh2 Qh4+ 44. Kg1 Qg5 45. Kf1 Qc1+ 46. Kf2
Qe3+ 47. Kf1 Qxd3+ 48. Kg1 Qd1+ 49. Kh2 Qxh5+ 0-1

[Event "VII. Berecz memorial A 2019"]
[Site "?"]
[Date "2020.01.04"]
[Round "6.4"]
[White "Kopasz, Robert"]
[Black "Samu, Gabor Jr."]
[Result "1/2-1/2"]
[WhiteElo "2337"]
[BlackElo "2311"]
[PlyCount "38"]
[EventDate "2020.01.02"]

1. e4 c5 2. Nf3 Nc6 3. b3 d6 4. Bb5 Bd7 5. O-O Nf6 6. Re1 e6 7. Bb2 Be7 8. Bf1
O-O 9. d4 cxd4 10. Nxd4 Nxd4 11. Qxd4 Bc6 12. c4 Qa5 13. Nc3 Qc5 14. Rad1 Qxd4
15. Rxd4 Rfd8 16. g3 a5 17. Bg2 Nd7 18. Rd2 a4 19. e5 Nxe5 1/2-1/2

[Event "VII. Berecz memorial A 2019"]
[Site "?"]
[Date "2020.01.04"]
[Round "6.5"]
[White "Papp Z., Csaba"]
[Black "Csizmadia, Laszlo"]
[Result "0-1"]
[WhiteElo "2151"]
[BlackElo "2346"]
[PlyCount "58"]
[EventDate "2020.01.02"]

1. d4 d5 2. Nf3 e6 3. Bf4 Bd6 4. Bxd6 cxd6 5. e3 Qb6 6. b3 Nf6 7. Bd3 Nc6 8. a4
Ne4 9. Bxe4 dxe4 10. Nfd2 d5 11. O-O O-O 12. f3 Nxd4 13. fxe4 Nc6 14. Qf3 dxe4
15. Nxe4 f5 16. Nf2 e5 17. Nc3 Be6 18. Nd5 Qa5 19. c4 e4 20. Qg3 Bxd5 21. cxd5
Qxd5 22. Rfd1 Qxb3 23. Rd7 Rf7 24. Rad1 Raf8 25. Qc7 h6 26. h3 Rxd7 27. Rxd7
Rf7 28. Qc8+ Kh7 29. g4 Qe6 0-1

[Event "VII. Berecz memorial A 2019"]
[Site "?"]
[Date "2020.01.04"]
[Round "6.6"]
[White "Szajbely, Zsigmond"]
[Black "Megyaszai, Balazs"]
[Result "1-0"]
[WhiteElo "2287"]
[BlackElo "1904"]
[PlyCount "73"]
[EventDate "2020.01.02"]

1. e4 c5 2. b3 Nc6 3. Bb2 d6 4. Bb5 Bd7 5. f4 a6 6. Bxc6 Bxc6 7. Qe2 e6 8. Nf3
Nf6 9. Nc3 Be7 10. d4 cxd4 11. Nxd4 O-O 12. O-O-O Qc7 13. g4 b5 14. a3 Rad8 15.
g5 Nd7 16. h4 Bb7 17. f5 exf5 18. Nxf5 Ne5 19. Ne3 Rfe8 20. Ncd5 Bxd5 21. Nxd5
Qb7 22. Rhg1 Bf8 23. h5 Rc8 24. Kb1 a5 25. h6 Kh8 26. hxg7+ Bxg7 27. Rh1 Qc6
28. Qh2 Kg8 29. Nf6+ Kf8 30. Nxe8 Kxe8 31. Qe2 a4 32. Rxh7 Bf8 33. Rd5 b4 34.
Qb5 bxa3 35. Bxa3 axb3 36. Qxc6+ Rxc6 37. Rxe5+ 1-0

[Event "VII. Berecz memorial A 2019"]
[Site "?"]
[Date "2020.01.04"]
[Round "6.7"]
[White "Dobai, Szabolcs"]
[Black "Fekete, Agnes"]
[Result "1-0"]
[WhiteElo "2185"]
[BlackElo "1891"]
[PlyCount "97"]
[EventDate "2020.01.02"]

1. Nf3 Nf6 2. c4 d6 3. Nc3 g6 4. g3 Bg7 5. Bg2 O-O 6. O-O e5 7. d3 Nc6 8. Bg5
h6 9. Bxf6 Bxf6 10. Rb1 Be6 11. b4 Rb8 12. b5 Ne7 13. Nd2 Bg7 14. Qb3 Kh8 15.
Rfc1 f5 16. Nd5 Rf7 17. Nxe7 Qxe7 18. Qa4 Rbf8 19. Qxa7 b6 20. a4 f4 21. Rf1 g5
22. a5 bxa5 23. Qxa5 Qd7 24. b6 cxb6 25. Qxb6 Bh3 26. Bxh3 Qxh3 27. Qc6 h5 28.
Qg2 Qf5 29. Rb7 g4 30. Rxf7 Rxf7 31. Qe4 Qg5 32. Qa8+ Rf8 33. Ne4 Qh6 34. Qc6
h4 35. Qxd6 Qh7 36. Qe7 hxg3 37. hxg3 fxg3 38. Nxg3 Qh6 39. Qb7 Bf6 40. Qe4 Qg5
41. Qf5 Qg7 42. Kg2 Kg8 43. Qe6+ Rf7 44. Rh1 Bg5 45. Ne4 Kf8 46. Nd6 Rxf2+ 47.
Kxf2 Qa7+ 48. Kg2 Qa8+ 49. Ne4 1-0

[Event "VII. Berecz memorial A 2019"]
[Site "?"]
[Date "2020.01.04"]
[Round "6.8"]
[White "Papp, Bence"]
[Black "Matyassy, Lazar"]
[Result "1-0"]
[WhiteElo "2140"]
[BlackElo "1822"]
[PlyCount "83"]
[EventDate "2020.01.02"]

1. e4 c5 2. Nf3 Nc6 3. Bb5 g6 4. Bxc6 bxc6 5. c4 Bg7 6. Nc3 Nf6 7. O-O Qc7 8.
Re1 e5 9. d3 d6 10. h3 Rb8 11. Rb1 O-O 12. a3 Bd7 13. b4 cxb4 14. axb4 a5 15.
bxa5 Rxb1 16. Nxb1 Qxa5 17. Bd2 Qa6 18. Nc3 Rb8 19. Qc2 c5 20. Rb1 Rb7 21. Ne1
Bc6 22. Kf1 Rxb1 23. Qxb1 Qb7 24. Qxb7 Bxb7 25. Nc2 Kf8 26. Ke2 Ne8 27. Kd1 Ke7
28. Kc1 Kd7 29. Kb2 f5 30. f3 fxe4 31. fxe4 Nf6 32. Na3 Bc6 33. Ne2 Ne8 34. Nb1
Nc7 35. Nbc3 Ne6 36. Nd5 Bxd5 37. cxd5 Bf6 38. dxe6+ Kxe6 39. Nc3 Bh4 40. Kc2
Bf2 41. Kd1 Bd4 42. Nd5 1-0

[Event "VII. Berecz memorial A 2019"]
[Site "?"]
[Date "2020.01.04"]
[Round "6.9"]
[White "Toth, Nikoletta"]
[Black "Marta, Dominik"]
[Result "1/2-1/2"]
[WhiteElo "2003"]
[BlackElo "2114"]
[PlyCount "91"]
[EventDate "2020.01.02"]

1. d4 Nf6 2. Bf4 g6 3. e3 Bg7 4. Nf3 O-O 5. Be2 d6 6. h3 Nbd7 7. O-O b6 8. Bh2
Bb7 9. Nbd2 c5 10. c3 Re8 11. a4 e5 12. Nc4 Bxf3 13. Bxf3 e4 14. Be2 d5 15. Nd6
Re6 16. Nb5 Rc6 17. dxc5 bxc5 18. c4 Nb6 19. a5 Nxc4 20. Bxc4 dxc4 21. Qxd8+
Rxd8 22. Nxa7 Ra6 23. Nb5 Ne8 24. Nc3 Bxc3 25. bxc3 Rda8 26. Rfd1 Rxa5 27. Rxa5
Rxa5 28. Bb8 f6 29. Rd7 Ra3 30. Ba7 Rxc3 31. Bxc5 Rc1+ 32. Kh2 c3 33. Re7 Ng7
34. Rxe4 c2 35. Rc4 Ne6 36. Ba3 Ra1 37. Bb2 Ra2 38. Rxc2 Nc5 39. Rxc5 Rxb2 40.
Kg3 Kg7 41. h4 Rb7 42. e4 Re7 43. f3 Kf7 44. Kf4 Ra7 45. g4 h6 46. Rb5 1/2-1/2

[Event "VII. Berecz memorial A 2019"]
[Site "?"]
[Date "2020.01.04"]
[Round "6.10"]
[White "Torok, Csaba"]
[Black "Balint, Richard"]
[Result "0-1"]
[WhiteElo "1719"]
[BlackElo "2041"]
[PlyCount "60"]
[EventDate "2020.01.02"]

1. e4 e6 2. d4 d5 3. Nc3 dxe4 4. Nxe4 Nf6 5. Bd3 Nbd7 6. Nf3 Be7 7. Nxf6+ Nxf6
8. Ne5 O-O 9. c3 Qd5 10. Rg1 Nd7 11. Qe2 Nxe5 12. Qxe5 Bd6 13. Qxd5 exd5 14.
Be3 h6 15. h3 f5 16. O-O-O f4 17. Bd2 Bd7 18. b3 b5 19. Rde1 c6 20. f3 a5 21.
c4 bxc4 22. bxc4 c5 23. Kb2 cxd4 24. cxd5 Rfb8+ 25. Ka1 Ba3 26. Bc1 Bb4 27. Re2
a4 28. a3 Bc3+ 29. Bb2 Rb3 30. Ka2 Bxb2 0-1

[Event "VII. Berecz memorial A 2019"]
[Site "?"]
[Date "2020.01.04"]
[Round "6.11"]
[White "Jojart, Zsolt"]
[Black "Tapodi, Norman Lajos"]
[Result "1-0"]
[WhiteElo "1672"]
[BlackElo "2033"]
[PlyCount "179"]
[EventDate "2020.01.02"]

1. e4 c5 2. Nc3 d6 3. g3 Nc6 4. Bg2 Nf6 5. d3 g6 6. f4 Bg4 7. Qd2 Bd7 8. Nf3
Bg7 9. O-O O-O 10. h3 Nd4 11. Kh2 Bc6 12. Ne2 Nd7 13. Nexd4 cxd4 14. Qf2 Qb6
15. b3 f5 16. Ng5 Nc5 17. Ba3 Bd7 18. e5 dxe5 19. Bd5+ Kh8 20. fxe5 Ne6 21.
Bxe6 Bxe6 22. Bc5 Qxc5 23. Nxe6 Qxe5 24. Rae1 Qd6 25. Nxf8 Rxf8 26. Qg2 Rb8 27.
Kh1 e5 28. g4 f4 29. Rc1 g5 30. a4 a5 31. Qe4 Rc8 32. Qxb7 Qc6+ 33. Qxc6 Rxc6
34. Kg2 Kg8 35. Kf3 Kf7 36. Ke4 Ke6 37. c3 dxc3 38. Rc2 Bf8 39. d4 exd4 40.
Kxd4 Bg7+ 41. Kd3 Kd5 42. Re2 Kc5 43. Rf3 Kb4 44. Kc2 Rd6 45. Rf1 Rd4 46. Rf3
Rd5 47. h4 h6 48. hxg5 hxg5 49. Rh3 Bf6 50. Rh7 Ka3 51. Rb7 Rd4 52. Rb5 f3 53.
Rf2 Rf4 54. Kd3 Bd4 55. Rf1 Kb2 56. b4 Ka3 57. bxa5 Kxa4 58. Rb7 c2 59. a6 Be5
60. a7 Rf8 61. Rb8 Rxb8 62. axb8=Q Bxb8 63. Kxc2 Bd6 64. Rxf3 Kb4 65. Kd3 Be7
66. Rf7 Bd8 67. Kd4 Kb5 68. Rd7 Bb6+ 69. Kd5 Be3 70. Rb7+ Ka6 71. Rb4 Ka5 72.
Rb3 Bf4 73. Ke6 Ka4 74. Rb7 Ka5 75. Kf5 Ka6 76. Rg7 Kb6 77. Rxg5 Bd2 78. Rg6+
Kc7 79. Rf6 Kd7 80. g5 Ke7 81. g6 Bh6 82. Rf7+ Ke8 83. Rh7 Bf8 84. Kf6 Bb4 85.
Rh8+ Kd7 86. Kf7 Bc3 87. Rh5 Kd6 88. Rf5 Bh8 89. g7 Bxg7 90. Kxg7 1-0

[Event "VII. Berecz memorial A 2019"]
[Site "?"]
[Date "2020.01.04"]
[Round "6.12"]
[White "Tubak, Daniel"]
[Black "Balog, Imre"]
[Result "1-0"]
[WhiteElo "2231"]
[BlackElo "1854"]
[PlyCount "97"]
[EventDate "2020.01.02"]

1. e4 c6 2. d4 d5 3. Nc3 dxe4 4. Nxe4 Nd7 5. Ng5 Ngf6 6. Bd3 e6 7. N1f3 h6 8.
Nxe6 Qe7 9. O-O fxe6 10. Bg6+ Kd8 11. c4 Qb4 12. Qc2 b5 13. c5 Qc4 14. Qd1 Be7
15. Re1 Rf8 16. Bf4 Qd5 17. Qd2 a5 18. Bg3 b4 19. Re3 Nxc5 20. Re5 Qd7 21. Rxc5
Bxc5 22. Ne5 Qd5 23. Rc1 Bd7 24. Rxc5 Qxa2 25. Qf4 Rc8 26. h3 Qa4 27. Nc4 Qd1+
28. Kh2 Ng4+ 29. Qxg4 Qxg4 30. hxg4 Ra8 31. Nxa5 Ke7 32. Nxc6+ Bxc6 33. Rxc6
Rfc8 34. Rb6 Rc4 35. Be5 Ra7 36. b3 Rc1 37. Rxb4 Ra2 38. Rb7+ Kd8 39. Kg3 Rf1
40. f3 Rg1 41. Bxg7 Rgxg2+ 42. Kf4 Rh2 43. Bf6+ Kc8 44. Re7 Ra6 45. Rxe6 Rxe6
46. Bf5 Kd7 47. d5 Kd6 48. dxe6 Re2 49. e7 1-0

[Event "VII. Berecz memorial A 2019"]
[Site "?"]
[Date "2020.01.04"]
[Round "6.13"]
[White "Papp, Balazs"]
[Black "Toth, Sandor Sr."]
[Result "1-0"]
[WhiteElo "2102"]
[BlackElo "1745"]
[PlyCount "43"]
[EventDate "2020.01.02"]

1. Nf3 d5 2. g3 Nf6 3. Bg2 e6 4. O-O Be7 5. d3 O-O 6. Nbd2 c5 7. e4 Nc6 8. e5
Nd7 9. Re1 b5 10. Nf1 Bb7 11. h4 Rb8 12. Bf4 Rc8 13. N1h2 Re8 14. c3 Nf8 15.
Ng5 f6 16. exf6 Bxf6 17. Ng4 a5 18. Nxf6+ Qxf6 19. Qg4 e5 20. Bxd5+ Kh8 21.
Nf7+ Kg8 22. Nh6+ 1-0

[Event "VII. Berecz memorial A 2019"]
[Site "?"]
[Date "2020.01.04"]
[Round "6.14"]
[White "Koszta, Benedek"]
[Black "Nagy, Gabor"]
[Result "1-0"]
[WhiteElo "2096"]
[BlackElo "1854"]
[PlyCount "115"]
[EventDate "2020.01.02"]

1. e4 c5 2. Nf3 Nc6 3. Bb5 g6 4. O-O Bg7 5. Re1 e5 6. b4 Nxb4 7. Bb2 a6 8. a3
axb5 9. axb4 Rxa1 10. Bxa1 f6 11. bxc5 d6 12. cxd6 Qxd6 13. Qe2 Bd7 14. d4 Ne7
15. dxe5 fxe5 16. Rd1 Qc7 17. Qd3 Bc6 18. Qb3 h6 19. Nc3 b4 20. Nd5 Bxd5 21.
exd5 Qd6 22. Qa4+ Kf7 23. Re1 Qxd5 24. Qxb4 Rc8 25. Bxe5 Nf5 26. Bxg7 Kxg7 27.
Qb2+ Kh7 28. h3 Rc7 29. Qf6 Rf7 30. Qb6 Qd6 31. Qxd6 Nxd6 32. Re6 Nb5 33. Rb6
Na3 34. Ne5 Rg7 35. c3 Rc7 36. Nxg6 Rxc3 37. Ne7 Rc7 38. Nf5 Nc4 39. Rxh6+ Kg8
40. Ne3 Ne5 41. Rb6 Nd7 42. Rb5 b6 43. Nd5 Rb7 44. f4 Kf7 45. Kf2 Ke6 46. Ne3
Kd6 47. g4 Kc6 48. Rb1 b5 49. Kf3 Kd6 50. h4 Ke6 51. g5 b4 52. Nc2 Kd5 53. Rxb4
Rc7 54. Ne3+ Ke6 55. Kg4 Kf7 56. h5 Rc1 57. Rd4 Nf8 58. Kf5 1-0

[Event "VII. Berecz memorial A 2019"]
[Site "?"]
[Date "2020.01.04"]
[Round "6.15"]
[White "Palotai, Bendeguz"]
[Black "Nagy, Lajos"]
[Result "1-0"]
[WhiteElo "2024"]
[BlackElo "1765"]
[PlyCount "107"]
[EventDate "2020.01.02"]

1. e4 e5 2. d4 exd4 3. Bc4 Nf6 4. Nf3 Nc6 5. O-O Bc5 6. e5 d5 7. exf6 dxc4 8.
Re1+ Be6 9. Ng5 Qd5 10. Nc3 Qf5 11. Nce4 O-O-O 12. fxg7 Rhg8 13. g4 Qe5 14.
Nxc5 Qxc5 15. Rxe6 fxe6 16. Nxe6 Qd6 17. Nxd8 Qxd8 18. Bh6 Qf6 19. g5 Qf5 20.
f4 d3 21. cxd3 cxd3 22. Qd2 Nd4 23. Qg2 Nc2 24. Rc1 Qc5+ 25. Kh1 Qe3 26. Rd1 c6
27. Qg3 Qe4+ 28. Kg1 Ne3 29. Rd2 c5 30. Kf2 Nf5 31. Qxd3 Qxf4+ 32. Kg1 Nd4 33.
Rf2 Qg4+ 34. Kh1 Ne6 35. Qf5 Qxf5 36. Rxf5 Nxg7 37. Rxc5+ Kd7 38. Bxg7 Rxg7 39.
h4 Kd6 40. Rf5 Ke6 41. Rf6+ Ke5 42. Kh2 Kd4 43. Kh3 Kd3 44. Kg4 Kc2 45. Rf2+
Kd3 46. Kh5 Ke3 47. Rf6 Kd2 48. Kh6 Rc7 49. h5 Kc2 50. g6 hxg6 51. hxg6 b5 52.
Rf2+ Kd3 53. g7 Rc6+ 54. Kh7 1-0

[Event "VII. Berecz memorial A 2019"]
[Site "?"]
[Date "2020.01.04"]
[Round "6.16"]
[White "Bernath, Robert"]
[Black "Panda, Barnabas"]
[Result "1-0"]
[WhiteElo "2035"]
[BlackElo "1728"]
[PlyCount "55"]
[EventDate "2020.01.02"]

1. e4 c5 2. Nf3 Nc6 3. d4 cxd4 4. Nxd4 Nf6 5. Nc3 d6 6. Bc4 e6 7. Be3 a6 8. Qe2
Bd7 9. Bb3 Na5 10. O-O-O Nxb3+ 11. axb3 Rc8 12. Kb1 Be7 13. f3 b5 14. Qf2 O-O
15. g4 g6 16. h4 h5 17. gxh5 Nxh5 18. Rdg1 Kh7 19. f4 f5 20. exf5 gxf5 21. Nf3
Rg8 22. Ng5+ Bxg5 23. hxg5 Kg6 24. Rxh5 Kxh5 25. Qh2+ Kg6 26. Qh6+ Kf7 27. g6+
Ke8 28. Qh7 1-0

[Event "VII. Berecz memorial A 2019"]
[Site "?"]
[Date "2020.01.04"]
[Round "6.17"]
[White "Bacsi, Kristof"]
[Black "Bilku, Andras"]
[Result "0-1"]
[WhiteElo "1777"]
[BlackElo "1998"]
[PlyCount "102"]
[EventDate "2020.01.02"]

1. d4 Nf6 2. Nf3 d5 3. c4 c6 4. Nc3 Bf5 5. e3 e6 6. Bd3 Bxd3 7. Qxd3 Bb4 8. O-O
O-O 9. a3 Bxc3 10. bxc3 Nbd7 11. cxd5 exd5 12. c4 dxc4 13. Qxc4 Re8 14. Bb2 Nb6
15. Qc2 Qd5 16. Rfc1 Rac8 17. a4 a6 18. Rab1 Nbd7 19. Ba3 Rb8 20. Nd2 Re6 21.
Nb3 h6 22. Nc5 Nxc5 23. Qxc5 Qxc5 24. Bxc5 b5 25. a5 Nd5 26. Rc2 f5 27. h4 Kf7
28. g3 g5 29. hxg5 hxg5 30. Kg2 Rh8 31. Rbc1 Ke8 32. Re1 Kd7 33. g4 f4 34. e4
Rhe8 35. exd5 Rxe1 36. dxc6+ Kxc6 37. Bb4+ Kd5 38. Bxe1 Rxe1 39. Rc5+ Kxd4 40.
Rxg5 b4 41. Rg8 b3 42. Rb8 Kc3 43. Kf3 b2 44. Kxf4 b1=Q 45. Rxb1 Rxb1 46. g5
Kd4 47. g6 Kd5 48. Kf5 Kd6 49. f4 Ke7 50. Ke5 Rb5+ 51. Ke4 Rxa5 0-1

[Event "VII. Berecz memorial A 2019"]
[Site "?"]
[Date "2020.01.04"]
[Round "6.18"]
[White "Retkes, Sandor"]
[Black "Kardos, Levente"]
[Result "1/2-1/2"]
[WhiteElo "1925"]
[BlackElo "1699"]
[PlyCount "80"]
[EventDate "2020.01.02"]

1. d4 Nf6 2. Bf4 d6 3. Nf3 g6 4. e3 Bg7 5. c3 O-O 6. Nbd2 Nbd7 7. Bc4 Qe8 8.
O-O e5 9. dxe5 Nxe5 10. Nxe5 dxe5 11. Bg3 Qe7 12. Bh4 Rd8 13. Qc2 Be6 14. Be2
c6 15. Rfd1 Qc7 16. e4 Rd7 17. b3 Ne8 18. Nf1 Rxd1 19. Rxd1 f6 20. f3 Rd8 21.
Bf2 Rxd1 22. Qxd1 b6 23. h3 Kf7 24. Ne3 Nd6 25. Qc2 Ke8 26. c4 Nb7 27. b4 Bh6
28. a4 Bxe3 29. Bxe3 c5 30. Qb2 Qd6 31. b5 Na5 32. Qc3 Bf7 33. g4 g5 34. Kg2 h6
35. Kg3 Kf8 36. h4 Kg7 37. Kh3 Bg8 38. Kg3 Bf7 39. Kh3 Bg8 40. Kg2 Bf7 1/2-1/2

[Event "VII. Berecz memorial A 2019"]
[Site "?"]
[Date "2020.01.04"]
[Round "6.19"]
[White "Farkas, Sandor"]
[Black "Lakatos, Alfred"]
[Result "1-0"]
[WhiteElo "1898"]
[BlackElo "1573"]
[PlyCount "102"]
[EventDate "2020.01.02"]

1. d4 Nf6 2. Nf3 d5 3. e3 Bf5 4. Bd3 Bxd3 5. cxd3 Nbd7 6. O-O e6 7. Nc3 c5 8.
e4 cxd4 9. Nxd4 Bc5 10. Nf3 d4 11. Na4 Qc7 12. Bg5 h6 13. Bh4 b5 14. Nxc5 Qxc5
15. Rc1 Qb6 16. Bg3 O-O 17. Bc7 Qb7 18. Nxd4 Rac8 19. Bg3 Rxc1 20. Qxc1 Rc8 21.
Qd2 Nh5 22. Rc1 a6 23. Rxc8+ Qxc8 24. Bd6 Nhf6 25. Kf1 Ne8 26. Be7 Ne5 27. f4
Ng6 28. Bb4 Qd7 29. Nb3 e5 30. f5 Nf4 31. Nc5 Qd8 32. g3 Nh3 33. Kg2 Ng5 34.
Qc3 a5 35. Bxa5 Qa8 36. h4 Nh7 37. b4 Qb8 38. Nd7 Qd6 39. Nxe5 Nhf6 40. Nf3 Ng4
41. Qd4 Qc6 42. Qc5 Qf6 43. d4 Ne3+ 44. Kf2 Ng4+ 45. Ke2 Nd6 46. Qd5 Qe7 47.
Nd2 Nf6 48. Qa8+ Nfe8 49. Bd8 Qd7 50. Bb6 Kh7 51. Bc5 Nb7 1-0

[Event "VII. Berecz memorial A 2019"]
[Site "?"]
[Date "2020.01.04"]
[Round "6.20"]
[White "Markus, Molli Amina"]
[Black "Varga, Gabor"]
[Result "1-0"]
[WhiteElo "1669"]
[BlackElo "1853"]
[PlyCount "143"]
[EventDate "2020.01.02"]

1. Nf3 Nf6 2. c4 e6 3. g3 d5 4. Bg2 c5 5. O-O Nc6 6. b3 Be7 7. Bb2 d4 8. d3 O-O
9. Qd2 h6 10. Rd1 e5 11. Na3 Nh7 12. e3 f5 13. exd4 cxd4 14. Nc2 Bf6 15. b4 g5
16. b5 Ne7 17. a4 Rb8 18. Ba3 b6 19. Re1 Qc7 20. Bxe7 Qxe7 21. Nfxd4 Qd6 22.
Nc6 Rb7 23. Bd5+ Kh8 24. Rad1 Rg7 25. Qb4 Qc7 26. a5 Re8 27. axb6 axb6 28. Ra1
Bb7 29. Rab1 g4 30. Ne3 Qd7 31. Bg2 Be7 32. Nxe7 Rgxe7 33. Bxb7 Qxb7 34. Nd5
Re6 35. Qc3 Ng5 36. Kg2 Nf3 37. Re3 Qf7 38. Rh1 Rd6 39. h3 Rxd5 40. cxd5 Qxd5
41. Qc6 Ne1+ 42. Kf1 Qxc6 43. bxc6 Nc2 44. Re2 Nd4 45. Rb2 b5 46. hxg4 Kg7 47.
gxf5 Rc8 48. f6+ Kf7 49. Rxh6 Rxc6 50. Rh7+ Kg6 51. f7 Rc8 52. Rh4 Nf3 53. Rhb4
Kxf7 54. Rxb5 Rc1+ 55. Kg2 Ne1+ 56. Kh2 Nxd3 57. Rd2 e4 58. Rd5 Rc3 59. Rd4 Ne1
60. Rd7+ Ke6 61. R2d6+ Ke5 62. Rd5+ Ke6 63. R7d6+ Ke7 64. Rh6 Nf3+ 65. Kg2 Rc1
66. Ra6 Ne1+ 67. Kh3 Nd3 68. Rb5 Rc7 69. Kg2 Kd7 70. Rh6 Rc2 71. Rb7+ Rc7 72.
Rh7+ 1-0

[Event "VII. Berecz memorial A 2019"]
[Site "?"]
[Date "2020.01.04"]
[Round "6.21"]
[White "Tornyai, Jeno"]
[Black "Szilassi, Abel"]
[Result "0-1"]
[WhiteElo "1781"]
[BlackElo "2021"]
[PlyCount "118"]
[EventDate "2020.01.02"]

1. d4 d5 2. Nc3 Nf6 3. Bg5 Bf5 4. f3 Bg6 5. Nh3 h6 6. Bh4 c5 7. e3 e6 8. Nf4
Bh7 9. Nh5 Nc6 10. Nxf6+ gxf6 11. Bd3 cxd4 12. exd4 Be7 13. Bxh7 Rxh7 14. Qd3
f5 15. Bxe7 Qxe7 16. O-O-O Qg5+ 17. Kb1 Rg7 18. g3 O-O-O 19. f4 Qg4 20. a3 h5
21. Ne2 h4 22. Rdg1 Qh5 23. b4 Rh8 24. c4 dxc4 25. Qxc4 hxg3 26. Nxg3 Qf3 27.
Rf1 Qxa3 28. Rc1 Kb8 29. b5 Qb4+ 30. Qxb4 Nxb4 31. Ne2 Rg2 32. Rc4 Rxe2 33.
Rxb4 Rexh2 34. Rd1 Rh1 35. Rxh1 Rxh1+ 36. Kc2 Rf1 37. d5 exd5 38. Rd4 Kc7 39.
Rxd5 Rxf4 40. Kd3 f6 41. Kc3 Rf1 42. Rd2 Kb6 43. Rb2 f4 44. Kd3 f3 45. Ke3 f5
46. Kf4 f2 47. Kg3 Rh1 48. Rxf2 Kxb5 49. Rxf5+ Ka4 50. Rf7 Rb1 51. Kf2 a5 52.
Ke2 b5 53. Kd2 Ka3 54. Kc2 Ka2 55. Ra7 a4 56. Ra5 Rb2+ 57. Kc1 a3 58. Ra8 b4
59. Rh8 b3 0-1

[Event "VII. Berecz memorial A 2019"]
[Site "?"]
[Date "2020.01.04"]
[Round "6.22"]
[White "Pluhar, Andras"]
[Black "Kocsmar, Akos"]
[Result "1/2-1/2"]
[WhiteElo "1878"]
[BlackElo "1941"]
[PlyCount "40"]
[EventDate "2020.01.02"]

1. e4 c6 2. d4 d5 3. e5 Bf5 4. Nf3 e6 5. Be2 Nd7 6. O-O Ne7 7. Re1 c5 8. c4
Bxb1 9. Rxb1 Qc7 10. cxd5 Nxd5 11. a3 cxd4 12. Nxd4 a6 13. Bh5 g6 14. Bg4 Qb6
15. b4 Nc3 16. Qd3 Nxb1 17. Be3 Qc7 18. Qxb1 Rc8 19. Bg5 Be7 20. Bh6 Bf8
1/2-1/2

[Event "VII. Berecz memorial A 2019"]
[Site "?"]
[Date "2020.01.04"]
[Round "6.23"]
[White "Szabo, Levente Jr."]
[Black "Hajdu, Istvan"]
[Result "0-1"]
[WhiteElo "1784"]
[BlackElo "1863"]
[PlyCount "101"]
[EventDate "2020.01.02"]

1. d4 f5 2. c4 Nf6 3. Nf3 g6 4. g3 Bg7 5. Bg2 O-O 6. O-O d6 7. Nc3 Nc6 8. Qc2
e5 9. dxe5 dxe5 10. e4 fxe4 11. Nxe4 Nd4 12. Nxd4 exd4 13. c5 Nxe4 14. Bxe4 c6
15. Bf4 Be6 16. Rad1 Qf6 17. b4 Qf7 18. Rd2 Rfe8 19. a4 Bb3 20. Qb1 Bxa4 21. h4
Bb5 22. Rc1 Bc4 23. h5 Qe6 24. hxg6 hxg6 25. Bxg6 Bd5 26. Bf5 Qf6 27. Qd3 Bh6
28. Qxd4 Qxf5 29. Bxh6 Qg6 30. Qh4 Re5 31. Rd4 Rae8 32. Rf1 Re4 33. Rxe4 Rxe4
34. Qg5 Qxg5 35. Bxg5 Rxb4 36. Be3 Bf3 37. Rc1 a5 38. Kf1 Rb2 39. Ke1 Re2+ 40.
Kf1 a4 41. Ra1 Rb2 42. Bc1 Rc2 43. Be3 Rc4 44. Ke1 Kf7 45. Kd2 Rb4 46. Kc3 Rb3+
47. Kc2 Be4+ 48. Kc1 a3 49. Kd1 Rd3+ 50. Kc1 Ke6 51. Bd2 0-1

[Event "VII. Berecz memorial A 2019"]
[Site "?"]
[Date "2020.01.04"]
[Round "6.24"]
[White "Divald, Tamas"]
[Black "Panda, Gyorgy"]
[Result "1-0"]
[WhiteElo "2087"]
[BlackElo "1790"]
[PlyCount "45"]
[EventDate "2020.01.02"]

1. e4 c5 2. Nf3 e6 3. d4 cxd4 4. Nxd4 a6 5. Nc3 Qc7 6. Bd3 Nf6 7. O-O b5 8. Qe2
b4 9. Nd1 d6 10. Bg5 Be7 11. a3 bxa3 12. Rxa3 Bb7 13. Nc3 Nbd7 14. Rfa1 O-O 15.
Bxa6 d5 16. Ndb5 Qb6 17. Be3 Qc6 18. Bxb7 Qxb7 19. Ra7 Rxa7 20. Rxa7 Qc8 21.
Bg5 d4 22. Na4 Qb8 23. Bxf6 1-0

[Event "VII. Berecz memorial A 2019"]
[Site "?"]
[Date "2020.01.04"]
[Round "6.25"]
[White "Kapicakova, Lucia"]
[Black "Arato, Daniel"]
[Result "0-1"]
[WhiteElo "1601"]
[BlackElo "1706"]
[PlyCount "92"]
[EventDate "2020.01.02"]

1. Nf3 d5 2. g3 Nf6 3. Bg2 Bg4 4. d3 e6 5. O-O c5 6. h3 Bh5 7. Nbd2 Nc6 8. b3
Bd6 9. Bb2 Qc7 10. e4 d4 11. Nc4 Be7 12. Qd2 e5 13. Nh4 Bg6 14. Kh2 Nh5 15. Nf3
b5 16. Na3 a6 17. Ne1 O-O 18. Bf3 Qd6 19. Qe2 Nf6 20. Kh1 Nd7 21. Bh5 f5 22.
Bxg6 Qxg6 23. exf5 Rxf5 24. Kh2 Raf8 25. Ng2 Nf6 26. Nh4 Qh5 27. Qxh5 Rxh5 28.
Kg2 e4 29. Rae1 exd3 30. cxd3 Nd5 31. Nf3 Rhf5 32. Nd2 Ncb4 33. Re2 Nxd3 34.
Ba1 Bg5 35. Nab1 N5b4 36. Ne4 Nc1 37. Ree1 Nbd3 38. Rd1 Re5 39. Nxg5 Rxg5 40.
Rxc1 Nxc1 41. Rxc1 Re5 42. Kf1 Rfe8 43. a4 Re2 44. Na3 Ra2 45. Bxd4 cxd4 46.
Nc2 Rc8 0-1